La emancipación como producción de vínculos
Salvato in:
| Autore principale: | |
|---|---|
| Natura: | Libro |
| Lingua: | Spanish |
| Soggetti: | |
| Tags: |
Aggiungi Tag
Nessun Tag, puoi essere il primo ad aggiungerne!!
|
MARC
| LEADER | 00000nam a22000007a 4500 | ||
|---|---|---|---|
| 003 | cru CIDCACS/IIS | ||
| 005 | 20200611062548.0 | ||
| 008 | 180312b ||||| |||| 00| 0 spa d | ||
| 999 | |c 41127 |d 41127 | ||
| 040 | |c cru CIDCACS/IIS | ||
| 090 | |a 01.02.01 C387d | ||
| 100 | 1 | |9 6775 |a Zubechi, Raúl | |
| 245 | |a La emancipación como producción de vínculos |c Raúl Zibechi | ||
| 300 | |a páginas 123-149 | ||
| 650 | 1 | 0 | |a MOVIMIENTOS SOCIALES |9 3 |
| 650 | 1 | 0 | |9 6776 |a REDES SOCIALES |
| 650 | 1 | 0 | |9 3638 |a LIDERAZGO POLITICO |
| 942 | |2 ddc |c LI | ||
| 773 | 0 | |0 4642 |9 1874 |a Ceceña, Ana Esther |d Buenos Aires: CLACSO 2006 |o 18562 |t Los Desafíos de las emancipaciones en un contexto militarizado / |w (cru CIDCACS/IIS)33082 |z 9871183348 | |



